I Called It Heresy: (Record no. 5944)

MARC details
000 -LEADER
fixed length control field 00504nam a22001817a 4500
003 - CONTROL NUMBER IDENTIFIER
control field GBCCL
005 - DATE AND TIME OF LATEST TRANSACTION
control field 20241126110552.0
008 - FIXED-LENGTH DATA ELEMENTS--GENERAL INFORMATION
fixed length control field 180418b ||||| |||| 00| 0 eng d
040 ## - CATALOGING SOURCE
Transcribing agency gbc
082 ## - DEWEY DECIMAL CLASSIFICATION NUMBER
Classification number 252
Item number TOZ
100 ## - MAIN ENTRY--PERSONAL NAME
Personal name Tozer, A.W.
9 (RLIN) 7141
245 ## - TITLE STATEMENT
Title I Called It Heresy:
Remainder of title Twelve sermons in Peter's first epistle /
Statement of responsibility, etc. A.W. Tozer
250 ## - EDITION STATEMENT
Edition statement Asian ed.
260 ## - PUBLICATION, DISTRIBUTION, ETC.
Name of publisher, distributor, etc. Alliance Publications: India,
Place of publication, distribution, etc. Maharashtra:
Date of publication, distribution, etc. 1978
300 ## - PHYSICAL DESCRIPTION
Extent 159 p.;
Dimensions 18 cm.
650 ## - SUBJECT ADDED ENTRY--TOPICAL TERM
Topical term or geographic name entry element Sermons
9 (RLIN) 6067
942 ## - ADDED ENTRY ELEMENTS (KOHA)
Source of classification or shelving scheme Dewey Decimal Classification
Koha item type Books
Koha issues (borrowed), all copies 2
Holdings
Withdrawn status Lost status Source of classification or shelving scheme Damaged status Not for loan Home library Current Library Shelving location Date acquired Total checkouts Full call number Barcode Date last seen Date last checked out Copy number Price effective from Koha item type
    Dewey Decimal Classification     GRACE BIBLE COLLEGE GRACE BIBLE COLLEGE Ministry & Mission 2018-04-18 2 252 TOZ 002068 2025-05-01 2024-08-13 c.1 2018-04-18 Books
© Grace Bible College Library 2025